al-Sujūn al-Miṣrīyah fī ʻAhd al-Iḥtilāl al-Injilīzī /

محفوظ في:

المؤلف الرئيسي: Ḥilmī, Aḥmad (مؤلف)

التنسيق: كتاب

اللغة: Arabic

منشور في: Miṣr : Maṭbaʻat al-Najāḥ, [1911].

الطبعة: al-Tāba'h 1.

الموضوعات:

الوسوم: إضافة وسم

لا توجد وسوم, كن أول من يضع وسما على هذه التسجيلة!

رقم الطلب: HV9843 .H56 1911

LEADER 01049nam a2200241Ia 4500
003 OSt
005 20230731084317.0
008 130303s1911 ua ac 000 0 ara d
952 |0 0  |1 0  |2 lcc  |4 0  |6 HV9843 H56 01911  |7 1  |9 49396  |a ARCE  |b ARCE  |d 2023-07-31  |l 0  |o HV9843 .H56 1911  |p 1030595  |r 2023-07-31 00:00:00  |w 2023-07-31  |y BK 
999 |c 26222  |d 26222 
040 |c ARCE Library 
043 |a f-ua--- 
050 4 |a HV9843 .H56 1911 
100 1 |6 880-01  |a Ḥilmī, Aḥmad,  |e author 
245 1 3 |6 880-02  |a al-Sujūn al-Miṣrīyah fī ʻAhd al-Iḥtilāl al-Injilīzī /   |c bi-Qalam Aḥmad Ḥilmī. 
250 |a al-Tāba'h 1. 
264 1 |a Miṣr :   |b Maṭbaʻat al-Najāḥ,   |c [1911]. 
300 |a 142 pages :   |b illustrations, portraits ;   |c 24 cm. 
650 0 |a Prisons  |z Egypt. 
880 1 |6 100-01/(3/r  |a حلمي، أحمد 
880 1 2 |6 245-02/(3/r  |a السجون المصرية في عهد الإحتلال الإنجليزي   |c بقلم أحمد حلمي.‪‪‪‪‪‪‪‪‪‪‪‪‪‪‪‪‪‪‪‪‪‪‪ 
901 |a reviewed 
942 |c BK  |2 lcc